00329nam a2200121Ia 4500008004100000041000800041082001400049100002000063245004400083260003700127300003400164365000900198240624s9999 xx 000 0 und d aeng a658.4 DOT aDOTLICH DAVID L aWHY CEOS FAIL THE 11 BEHAVIORS THAT CAN c2003aSan FranciscobJossey-Bass axxviii, : 176 : p. : cm. ; 21 cb35